00723 a2200217 4500001000700000020001800007040003200025090001100057100002300068245003500091250001000126260001600136300002700152362000900179520013400188650002400322650003800346942000700384952009500391999001900486125990 a9788508060290 cEscola Canadense de Niteroi aLEW-R3 aPaes, José Paulo10aRimas do País das Maravilhas a5.ed. aSão Paulo bil.c2 x 20.2 x 0.2 cm0 a2004 aPoemas do escritor Lewis Carroll traduzidos por José Paulo Paes. Os originais em inglês vêm reproduzidos no final do livro. 4aLiteratura Infantil 4aPoesias, Poemas, Versos ou Teatro cBK 00104070a80.1b80.1d2024-02-09l0oLEW-R3pA110FTr2024-02-09 21:22:42w2024-02-09yBK c125990d125990